| 000 | 00733nam a2200229 i 4500 | ||
|---|---|---|---|
| 001 | bg | ||
| 245 | 1 | 0 |
_aStan zanieczyszczenia atmosfery w Polsce w 1987 roku : _brocznik monitoringowy / _cpod red. Macieja Nowickiego. |
| 260 |
_aWarszawa : _bDział Wydawnictw IOŚ, _c1990. |
||
| 300 |
_a20, [76] s. : _bmapy, wykr. ; _c25 cm. |
||
| 490 | 1 | _aMonitoring Środowiska | |
| 504 | _aBibliogr. s. 20. | ||
| 650 | 9 |
_aGazy _xpomiary _zPolska |
|
| 650 | 9 |
_aPowietrze _xhigiena _zPolska |
|
| 650 | 9 |
_aPył _xpomiary _zPolska |
|
| 700 | 1 | _aNOWICKI, Maciej. | |
| 830 | _aMonitoring Środowiska | ||
| 040 | _cBPK | ||
| 041 | 0 | _apl | |
| 080 | _a504.3.05:614.7](438):311.3(083.41) | ||
| 942 | _cKS | ||
| 008 | s pl f |000 0 pol | ||
| 999 |
_c30399 _d30399 |
||
| 856 |
_uhttp://koha.tu.koszalin.pl/cgi-bin/koha/opac-detail.pl?biblionumber=30399 _yKatalog online BPK |
||